The Indian emperour (Record no. 2615)

MARC details
000 -CABECERA
campo de control de longitud fija 00591nam a2200181 a 4500
001 - NÚMERO DE CONTROL
campo de control BRCA_2876
005 - FECHA Y HORA DE LA ÚLTIMA TRANSACCIÓN
campo de control 20190320204018.0
008 - DATOS DE LONGITUD FIJA--INFORMACIÓN GENERAL
campo de control de longitud fija 111208s1681----enka---###---#000-0#eng-u
050 #4 - SIGNATURA TOPOGRÁFICA DE LA BIBLIOTECA DEL CONGRESO
Número de clasificación PR3415
Número de documento/Ítem .D79 1681
100 1# - ENTRADA PRINCIPAL--NOMBRE DE PERSONA
Nombre de persona Dryden, John
Fechas asociadas al nombre 1631-1700
9 (RLIN) 8025
245 10 - MENCIÓN DE TÍTULO
Título The Indian emperour
Resto del título or the Conquest of Mexico by the Spaniards, being the sequel of the Indian queen
Mención de responsabilidad, etc. by John Dryden.
260 ## - PUBLICACIÓN, DISTRIBUCIÓN, ETC.
Lugar de publicación, distribución, etc. London
Nombre del editor, distribuidor, etc. H. Herringman
Fecha de publicación, distribución, etc. 1681
300 ## - DESCRIPCIÓN FÍSICA
Extensión 68 p.
Otras características físicas il.
Dimensiones 22 cm.
500 ## - NOTA GENERAL
Nota general B19
600 14 - PUNTO DE ACCESO ADICIONAL DE MATERIA--NOMBRE DE PERSONA
Nombre de persona Moctezuma
Numeración II
Títulos y otros términos asociados al nombre Emperador de México
Fechas asociadas al nombre 1466-1520
Subdivisión general Teatro
9 (RLIN) 8026
902 ## - CATALOGADOR
Iniciales GFM
942 ## - ELEMENTOS DE PUNTO DE ACCESO ADICIONAL (KOHA)
Fuente del sistema de clasificación o colocación Library of Congress Classification
Tipo de ítem Koha Libros
Holdings
Estado de retiro Estado de pérdida Estado dañado No para préstamo Localización permanente Ubicación/localización actual Fecha de adquisición Número de inventario Total de préstamos Signatura topográfica completa Código de barras Fecha visto por última vez Precio válido a partir de Tipo de ítem Koha
El ejemplar forma parte de la colección y puede ser consultado según las políticas vigentes.       Biblioteca del Museo Franz Mayer (Rogerio Casas-Alatriste) Biblioteca del Museo Franz Mayer (Rogerio Casas-Alatriste) 11/12/2008 B19   PR3415 .D79 1681 (B19) 2873 22/03/2019 22/03/2019 Libros